Timber pallets - their use and manufacture in West Malaysia

Bibliographic Details
Main Author: LEE
Format: Book
Published: (Kuala Lumpur) : Malaysian Timber Export Industry Board Malaysia , (n. d.)
Subjects:

MARC

LEADER 00000cam a2200000 7i4500
001 0000001499
005 20010717.0
090 0 0 |a JPSM 674.8209595   |b LEE (n. d.) 
100 1 0 |a LEE   |h Yew Hon 
245 1 0 |a Timber pallets - their use and manufacture in West Malaysia   |c Lee Yew Hon 
260 0 0 |a (Kuala Lumpur) :   |b Malaysian Timber Export Industry Board Malaysia ,   |c (n. d.) 
300 |a 10 p. :   |b ill. ;   |c 28 cm. 
650 0 0 |a Pallets (Shipping, storage, etc.) 
998 |a JPSM 
999 |a 0000002508   |b Monograph   |c Open Shelf   |e Default branch 
999 |a 0000002509   |b Monograph   |c Open Shelf   |e Default branch 
999 |a 0000003594   |b Monograph   |c Open Shelf   |e Default branch 
999 |a 0000003595   |b Monograph   |c Open Shelf   |e Default branch